Il processo privato romano

Guardat en:
Dades bibliogràfiques
Autor principal: Nicosia, Giovanni (autore)
Format: Llibre
Idioma:italià
Publicat: Turín G. Giappichelli 1986
Matèries:
Etiquetes: Afegir etiqueta
Sense etiquetes, Sigues el primer a etiquetar aquest registre!

MARC

LEADER 00000nam a2200000 a 4500
001 UCV2273
003 CL-VaPUC
008 920413e19860000IT |||||||||||||||||ita|d
082 0 4 |a 340.54  |b NIC  |2 21 
100 |a Nicosia, Giovanni  |e autore  |9 875226 
245 1 3 |a Il processo privato romano 
300 |a 2 v 
942 |c BK 
945 |d 19920413 00:00:00 
260 |a Turín  |b G. Giappichelli  |c 1986 
650 0 |a Derecho romano  |9 255930 
583 |a last modification  |c 19920413 00:00:00  |k Rodrigo Vera 
999 |c 209914  |d 209912 
952 |0 0  |1 0  |4 0  |6 340_540000000000000_NIC_1986  |7 0  |8 DER_ROM  |9 185804  |a BIBDER  |b BIBDER  |d 2019-11-14  |h v.1  |i 2532336  |o 340.54 NIC 1986  |p 2532336  |r 2023-01-25  |w 2019-11-14  |x Ubicación 4to piso  |y BK  |z Este recurso debe solicitarse con anticipación  |k DER 
952 |0 0  |1 0  |4 0  |6 340_540000000000000_NIC_1986  |7 0  |8 DER_ROM  |9 185805  |a BIBDER  |b BIBDER  |d 2019-11-14  |h v.2  |i 2532344  |o 340.54 NIC 1986  |p 2532344  |r 2023-01-25  |w 2019-11-14  |x Ubicación 4to piso  |y BK  |z Este recurso debe solicitarse con anticipación  |k DER